Science Quiz

Random Science Quiz

Medial Surface of the Brain Quiz Stats

 Plays Quiz not verified by Sporcle

Score 0/22 Timer 10:00
0 Plays Today
Hint Brain Part % Correct
1medulla
97.3%
2pons
96.4%
7thalamus
80.4%
9cerebellum
79.5%
6hypothalamus
77.7%
14corpus callosum
77.7%
5midbrain
75.9%
19fourth ventricle
68.8%
12fornix
67%
21third ventricle
66.1%
11olfactory bulb
64.3%
Hint Brain Part % Correct
20cerebral aqueduct
64.3%
13cingulate gyrus
62.5%
10optic chiasm
60.7%
16hippocampus
59.8%
22lateral ventricle
59.8%
8pineal body
58.9%
17amygdala
58.9%
3tectum
57.1%
4tegmentum
54.5%
18spinal canal
37.5%
15calcarine fissures
22.3%

You're not logged in!

Compare scores with friends on all Sporcle quizzes.
OR
Log In

You Might Also Like...

Show Comments

Extras

Created May 9, 2015ReportNominate
Tags:brain, surface

Top Quizzes Today


Score Distribution

Your Account Isn't Verified!

In order to create a playlist on Sporcle, you need to verify the email address you used during registration. Go to your Sporcle Settings to finish the process.

Report this User

Report this user for behavior that violates our Community Guidelines.

Details: